| 000 | 00698nam a2200241 i 4500 | ||
|---|---|---|---|
| 001 | bg | ||
| 100 | 1 | _aŁUKASZEWSKI, Marian | |
| 245 | 1 | 0 |
_aMiędzynarodowe instytucje finansowe : _bzarys wykładu / _cMarian Łukaszewski. |
| 260 |
_aSłupsk : _bWyższa Szkoła Zarządzania, _c2000. |
||
| 300 |
_a108 s. ; _c24 cm. |
||
| 504 | _aBibliogr. | ||
| 650 | 9 |
_aFinanse _xorganizacje _yod 1945 r. |
|
| 650 | 9 |
_aOrganizacje międzynarodowe _yod 1945 r. |
|
| 655 | _aPodręczniki akademickie | ||
| 015 | _aPB 9597/2000 | ||
| 020 | _a8390711184 | ||
| 040 | _cBPK | ||
| 041 | 0 | _apol | |
| 080 | _a339.7(075.8) | ||
| 920 | _a83-907111-8-4 | ||
| 942 | _cKS | ||
| 008 | s pl f |000 0 pol | ||
| 999 |
_c51265 _d51265 |
||
| 856 |
_uhttp://koha.tu.koszalin.pl/cgi-bin/koha/opac-detail.pl?biblionumber=51265 _yKatalog online BPK |
||